So High School - Taylor Swift (All Lyrics) - Statistics

General Stats
  • This quiz has been taken 27 times
    26 since last reset
  • The average score is 317 of 375
Answer Stats
Lyrics % Correct
a
100%
me
100%
me?
100%
to
100%
you
100%
you...
100%
You
100%
are
94%
Are
94%
at
94%
ever
94%
every
94%
feel
94%
game,
94%
high
94%
I
94%
I'm
94%
just
94%
kill
94%
kiss
94%
look
94%
my
94%
on
94%
really
94%
school
94%
so
94%
the
94%
The
94%
time
94%
all
89%
Auto
89%
ball
89%
ball,
89%
be
89%
bottles
89%
bottles,
89%
But
89%
but
89%
for
89%
gonna
89%
Grand
89%
how
89%
in
89%
It's
89%
know
89%
know,
89%
marry,
89%
or
89%
that
89%
Theft
89%
throttle
89%
throttle,
89%
Truth,
89%
your
89%
Your
89%
Aristotle
83%
dare,
83%
got
83%
had
83%
No
83%
Not
83%
spin
83%
sweet
83%
Then
83%
three
83%
two
83%
us
83%
want
83%
again
78%
American
78%
And
78%
and
78%
And,
78%
babe
78%
backseat
78%
blink
78%
boy,
78%
crowd
78%
dad
78%
Do
78%
drink
78%
eye
78%
find
78%
first
78%
friends
78%
from
78%
From
78%
full
78%
hearing
78%
hide
78%
I'll
78%
isn't
78%
jokes
78%
laughing
78%
like
78%
middle
78%
night
78%
one's
78%
play
78%
practice
78%
pull
78%
quiet
78%
Saturday
78%
saw
78%
smoking
78%
Tell
78%
think
78%
trying
78%
voices,
78%
what
78%
while
78%
with
78%
already
72%
around,
72%
betting
72%
Bittersweet
72%
'bout
72%
Brand
72%
bros
72%
car
72%
damn
72%
did
72%
her
72%
honor
72%
impression
72%
knew
72%
new,
72%
of
72%
Pie
72%
pink
72%
Scout's
72%
sixteen
72%
suddenly
72%
swear,
72%
Touch
72%
wanted
72%
watching
72%
Cause
67%
door
67%
fingers
67%
lights
67%
madman
67%
our
67%
sighs
67%
sinking,
67%
stifle
67%
true,
67%
twinkling
67%
wrinkle
67%
Cheeks
61%
crinkling
61%
Get
61%
entwined
56%
brink
44%
No matching quizzes found
Score Distribution
Percent of People with Each Score
Percentile by Number Answered
Your Score History
You have not taken this quiz since the last reset